| 000 | 00803nas a2200241Ia 4500 | ||
|---|---|---|---|
| 001 | A03/R024-30484 | ||
| 003 | IT-MiCISF | ||
| 005 | 20251204134340.0 | ||
| 008 | 161014c99999999xx |||||||||||| ||und|| | ||
| 040 |
_aIT-MiCISF _cIT-MiCISF |
||
| 041 | _ait | ||
| 100 |
_aCampanini Giorgio (et al.) _962284 |
||
| 245 | 0 | _aI paradossi del benessere. Sesto rapporto Cisf sulla famiglia in Italia | |
| 250 | _a"Famiglia oggi", n. 4, aprile | ||
| 260 | _c2000 | ||
| 300 | _app. 8-50 | ||
| 500 | _a famiglia, cisf, società , qualità -della-vita, sociologia, politiche-sociali, psicologia, rapporti-familiari | ||
| 650 | _aFamiglia | ||
| 654 | _adossier | ||
| 700 |
_aDonati P., Scabini E., Regalia C., Zattoni M., Gillini G., Manenti A., Francesconi M. _962856 |
||
| 942 |
_cCR _2ddc |
||
| 999 |
_c240632 _d240632 |
||
| 999 | _bSi | ||